000 00365nam a2200133Ia 4500
008 151001s9999||||xx |||||||||||||| ||und||
100 _a उन्मेष
245 _aगणपतीच्या गोष्टी
250 _a1
260 _bजयदीप प्रकाशन पुणे
260 _c2004
300 _a44
365 _b21
999 _c983134
_d983131